000 00936nam a22002417a 4500
003 BPGM
008 260627e2014 mx baocg |||| 001 0 spa d
040 _bspa
041 _aspa
_hspa
082 0 4 _a628.15
_bR47
245 _aRESCATE URBANO Y PATRIMONIAL DEL ACUEDUCTO DE QUERETARO
250 _aPRIMERA EDICION
_b2014
260 _aMEXICO
_bFONDO EDITORIAL DE QUERETARO
_c2014
300 _a204 paginas
_c29.2 cm x 29 cm
336 _2rdacontent
_atexto
_btxt
337 _2rdamedia
_asin mediación
_bn
338 _2rdacarrier
_avolumen
_bnc
505 _aA través de un enfoque multidisciplinario, el texto aborda la historia, el diagnóstico estructural, el impacto urbano y las intervenciones necesarias para preservar esta monumental obra del siglo XVIII.
650 _2TECNOLOGÍA (CIENCIAS APLICADAS)
650 _2INGENIERÍA Y OPERACIONES AFINES
650 _2INGENIERÍA Y OPERACIONES AFINES
942 _2ddc
_cCOLQ
999 _c68683
_d68683